000 00538nam a2200193Ia 4500
005 20250326144939.0
008 250326s9999 xx 000 0 und d
020 _a1-55775-673-2
037 _aTextbook
040 _aFMSL
_beng
_cFMSL
041 _aeng
_2eng
084 _aX755.4 N7
_qFMSL
100 _aIqbal Z
_9750359
245 0 _aExternal fice for low-income countries
_cIqbal Z; Kanbur R
260 _aWashington
_bWashington, IMF
_c1997
300 _a234p
942 _cTB
_hX755.4 N7
999 _c1305747
_d1305747